00391nam a2200121Ia 4500008004100000020001500041245010500056260002300161300001800184650002200202980003000224999001500254151021s9999 xx 000 0 und d a9966767096 a_Food insecurity assesment in kenya based on kenya intergrated household budget survey 2005/06 KNBS  aNairobi KNBS 2008  avii,40p.;ill  a_Food insecurity  a^d20110510 10:16:48^oanne c7227d7227